[Event "ITT Homenaje a los Maestros Predecesore"]
[Site "Asuncion"]
[Date "2012.01.18"]
[Round "9.3"]
[White "Vazquez, Guillermo"]
[Black "Villalba, Marcelo"]
[Result "1/2-1/2"]
[WhiteElo "2273"]
[BlackElo "2199"]
[PlyCount "104"]
[EventDate "2012.01.09"]

1. e4 e5 2. Nf3 Nc6 3. Bc4 Nf6 4. d3 Be7 5. O-O O-O 6. Re1 d6 7. c3 Na5 8. Bb5
a6 9. Ba4 b5 10. Bc2 c5 11. Nbd2 Qc7 12. Nf1 Re8 13. a3 Bf8 14. Bg5 Nd7 15. b4
Nc6 16. Bb3 Nb6 17. Ne3 Nd8 18. d4 c4 19. Bc2 f6 20. Bh4 Nf7 21. a4 exd4 22.
Nxd4 Bb7 23. a5 Na4 24. Bxa4 Rxe4 25. Bc2 Rxh4 26. Nef5 Rxd4 27. Nxd4 Ne5 28.
f4 Ng6 29. Qg4 Qf7 30. Rad1 Re8 31. Bf5 Kh8 32. Qh5 Qd5 33. Qh3 Qf7 34. Rxe8
Qxe8 35. Kf2 Bd5 36. Re1 Qf7 37. Re3 h6 38. Be6 Nxf4 39. Bxf7 Nxh3+ 40. gxh3
Bxf7 41. Nxb5 axb5 42. a6 Kg8 43. a7 Bd5 44. Re8 Kf7 45. a8=Q Bxa8 46. Rxa8 g5
47. Rb8 f5 48. Rxb5 Ke6 49. Rb7 d5 50. Rh7 d4 51. Rc7 dxc3 52. Rxc4 Kd5 1/2-1/2

[Event "ITT Homenaje a los Maestros Predecesore"]
[Site "Asuncion"]
[Date "2012.01.18"]
[Round "9.5"]
[White "Kropff, Ricardo"]
[Black "Latorre, Manuel"]
[Result "1/2-1/2"]
[WhiteElo "2236"]
[BlackElo "2299"]
[PlyCount "39"]
[EventDate "2012.01.09"]

1. c4 g6 2. g3 Bg7 3. Bg2 d6 4. Nc3 e5 5. d3 Nf6 6. e4 O-O 7. Nge2 c6 8. O-O a6
9. h3 b5 10. Be3 Bb7 11. f4 exf4 12. gxf4 Re8 13. Qd2 Nbd7 14. Rae1 Nb6 15. b3
b4 16. Nd1 c5 17. Rf2 Nfd7 18. f5 Ra7 19. Bh6 f6 20. h4 1/2-1/2